Light

Bibliographic Details
Main Author: Webb, Angela
Format: Book
Published: London : Franklin Watts , 1988
Series:Talkabout
Subjects:

MARC

LEADER 00000cam a2200000 7i4500
001 0000002773
002 000003003
005 20060209.0
020 |a 086313551X 
090 0 0 |a 030   |b TAL 
100 1 |a Webb, Angela 
245 1 0 |a Light   |c Angela Webb 
260 |a London :   |b Franklin Watts ,   |c 1988 
300 |a 29. :   |b ill. ;   |c 22 cm. 
490 0 |a Talkabout 
650 0 0 |a Light   |x Juvenile literature 
999 |a 036373   |b BUKU   |c JUNIOR BOOKS   |e PERPUSTAKAAN KOMUNITI PETALING JAYA